00598 2200217 4500001002100000005001700021008004100038035002400079040001200103082001400115090002100129100002300150245005500173250001100228260002900239300002400268500002700292650003700319850001200356990001200368YOGYA-0209000006466320090227040325.0 ind  0010-020900000064663 aYOPDYOG a899.23082 a899.23082bHur C aHOERIP, Satyagraha aCERITA pendek Indonesiaceditor, Satyagraha Hoerip aCet. 2 aJakartabDepdikbudc1984 a...jilbilusc21 cm aYang diterima : Jil. 3 aKumpulan cerita pendek Indonesia aYOPDYOG a64134-a